000 00733nam a2200217 a 4500
999 _c4128
_d4128
005 20180212143831.0
008 140314b2004 ck ||||| |||| 00| 0 spa d
040 _aCO-BoIAVH
_cCO-BoIAVH
041 _aspa
044 _ack
090 _aLB
_b03828
100 _aGarzón Vardona, Angela María
245 _aComposición de la comunidad de escarabajos coprófagos (Scarabaeinae) en un paisaje agropecuario del municipio de Filandia, Quindío
260 _aArmenia
_bUniversidad del Quindío
_c2004
300 _a59 p.
700 _aGaleano Morales, Julian
700 _aVélez Medina, Santiago
856 _uhttp://bdigital.uniquindio.edu.co/handle/001/3000
942 _cINFORME
_2z
945 _d2004-08-25